Дело об упразднении должности архитектора при Харьковском университете и о причислении отпускаемого на эту должность содержания ...

Доступно только в Электронных читальных залах Найти на картеНа карте
RUSMARC
00003940nmc2a22000003x 450
001b655152a-51d1-400e-97fd-2d79399e4846
00520180711153318.0
100##$a20160415l18711871k l0rusy0189 ca
1010#$arus
102##$aRU
2001#$aДело об упразднении должности архитектора при Харьковском университете и о причислении отпускаемого на эту должность содержания к ремонтным суммам университета с производством из них вознаграждения тем архитекторам, которые будут приглашаемы для производства в здании университета каких-либо работ
$j22 ноября - 4 декабря 1871 г.
251##$cДело
300##$aДело
801#0$aRU
$bРГИА
$c20160415
$gRCR
801#1$aRU
$bГлавНИВЦ
$c20160415
$2rusmarc
801#2$aRU
$bПБ им. Б.Н. Ельцина
$c20180711
$gRCR
$2rusmarc
850##$aРГИА
852##$aРГИА
$eФедеральное казенное учреждение "Российский государственный исторический архив" (РГИА)
$j990
937##$hРГИА
$d12196294
$aASBIBLIO_SCAN
462#0$100175ee99a9-5750-4f16-9283-bc673fb37de8
$12001
$aДела разряда высших учебных заведений Департамента народного просвещения за 1838-1872 гг.
$1251
$cОпись
$1852
$j147
461#0$1001a74412a3-3cc5-4d21-8f0a-dfe2fbd9e72d
$12001
$aДепартамент народного просвещения Министерства народного просвещения (1803-1917)
$1251
$cФонд
$1852
$j733
215##$a7 л.
$d36,5х26 см
371##$aДокумент не является опубликованным и широко распространяемым
105##$ay###
1222#$ad
035##$ab655152a-51d1-400e-97fd-2d79399e4846
856##$uhttp://readingroom.main.prlib.ru/item.aspx?id_node=n117138369&mode=full
Формат отображения